Top 100 artists on Spotify ranked by monthly listeners - Statistics

General Stats
  • This quiz has been taken 134 times
    65 since last reset
  • The average score is 34 of 99
Answer Stats
Hint Answer % Correct
10 Taylor Swift
94%
13 Drake
89%
6 Kendrick Lamar
77%
2 The Weeknd
74%
1 Bruno Mars
72%
37 KAROL G
72%
3 Lady Gaga
72%
8 Rihanna
72%
5 Bad Bunny
70%
21 Kanye West
70%
4 Billie Eilish
68%
12 Justin Bieber
68%
19 Sabrina Carpenter
68%
11 Ariana Grande
66%
17 Ed Sheeran
64%
30 Beyoncé
62%
63 Michael Jackson
62%
7 Coldplay
60%
15 Travis Scott
60%
14 Eminem
57%
58 Olivia Rodrigo
55%
32 Imagine Dragons
53%
24 Dua Lipa
51%
67 Harry Styles
51%
28 Katy Perry
51%
29 Adele
49%
22 Maroon 5
49%
55 Queen
47%
27 Shakira
47%
16 David Guetta
45%
60 Nicki Minaj
45%
72 One Direction
45%
18 Post Malone
43%
54 Elton John
40%
86 Justin Timberlake
40%
81 Selena Gomez
40%
9 SZA
40%
93 50 Cent
38%
35 Pitbull
38%
34 Sia
38%
31 Future
36%
26 Lana Del Rey
36%
46 Lil Wayne
36%
36 Miley Cyrus
36%
65 Camila Cabello
34%
23 J Balvin
32%
61 Shawn Mendes
32%
50 Tyler, The Creator
32%
43 OneRepublic
30%
41 Playboi Carti
30%
33 Sam Smith
30%
25 Calvin Harris
28%
69 Chappell Roan
28%
97 Frank Ocean
28%
49 Khalid
28%
90 Britney Spears
26%
45 Chris Brown
26%
38 Doja Cat
26%
57 Halsey
26%
52 Metro Boomin
26%
94 XXXTENTACION
26%
44 Daddy Yankee
23%
42 Marshmello
23%
85 Ozuna
23%
68 Benson Boone
21%
20 ROSÉ
21%
83 USHER
21%
48 21 Savage
19%
79 Avicii
17%
59 Linkin Park
17%
62 Maluma
17%
56 The Chainsmokers
17%
73 Black Eyed Peas
15%
53 Hozier
15%
98 J. Cole
15%
66 Lola Young
15%
64 Peso Pluma
15%
84 The Kid LAROI
15%
82 JENNIE
13%
40 Rauw Alejandro
13%
75 Tate McRae
13%
47 Teddy Swims
13%
88 Charlie Puth
11%
92 Don Toliver
11%
95 DJ Snake
9%
80 Ellie Goulding
9%
73 The Neighbourhood
9%
39 Artic Monkeys
6%
91 Don Omar
6%
77 Feid
6%
51 Gracie Abrams
6%
96 Romeo Santos
6%
74 Anitta
2%
71 Arijit Singh
2%
89 A. R. Rahman
2%
70 Myke Towers
2%
78 Pritam
2%
87 Tiësto
2%
76 Shreya Ghoshal
0%
No matching quizzes found
Score Distribution
Percent of People with Each Score
Percentile by Number Answered
Your Score History
You have not taken this quiz since the last reset